logo

Bir Sreshtho Munshi Abdur Rouf Library
Jhenaidah Cadet College

Integral Calculus including differential equations / (Record no. 5540)

MARC details
000 -LEADER
fixed length control field 00666nam a2200253 a 4500
001 - CONTROL NUMBER
JCCL Control Number 5540
003 - CONTROL NUMBER IDENTIFIER
JCCL marc code BD-JhCC
005 - DATE AND TIME OF LATEST TRANSACTION
control field 20210519134021.0
008 - FIXED-LENGTH DATA ELEMENTS--GENERAL INFORMATION
fixed length control field 171217b xxu||||| |||| 00| 0 eng d
020 ## - INTERNATIONAL STANDARD BOOK NUMBER
International Standard Book Number 8185624917
035 ## - SYSTEM CONTROL NUMBER
system control number (BD-JhCC)5540
040 ## - CATALOGING SOURCE
Original cataloging agency BD-JhCC
Modifying agency BD-JhCC
041 ## - LANGUAGE CODE
Language code of Book eng
082 ## - DEWEY DECIMAL CLASSIFICATION NUMBER
Classification number 517
Author mark and Year DAS 1938
100 ## - MAIN ENTRY--PERSONAL NAME
Personal name Das, B. C.
245 ## - TITLE STATEMENT
Title Integral Calculus including differential equations /
Statement of responsibility, etc B. C. Das & B. N. Mukherjee
250 ## - EDITION STATEMENT
Edition statement 44th ed.
260 ## - PUBLICATION, DISTRIBUTION, ETC. (IMPRINT)
Place of publication, distribution, etc India :
Name of publisher, distributor, etc U.N. Dhur & Sons Private Ltd,
Date of publication, distribution, etc 11938.
300 ## - PHYSICAL DESCRIPTION
Pagination 467 p. :
Dimensions 16 cm.
650 ## - SUBJECT ADDED ENTRY--TOPICAL TERM
Topical term or geographic name as entry element Calculus
700 ## - ADDED ENTRY--PERSONAL NAME
Personal name Mukherjee, B. N.
942 ## - ADDED ENTRY ELEMENTS (KOHA)
Source of classification or shelving scheme Dewey Decimal Classification
Koha item type Books
Koha issues (borrowed), all copies 2
Holdings
Source of classification or shelving scheme Damaged status Not for loan Home library Current library Shelving location Date of accession Cost, normal purchase price Total Checkouts Full call number Barcode Date last seen Date checked out Copy number Koha item type
Dewey Decimal Classification     JCC Rouf Library JCC Rouf Library General Stacks 12/17/2017 80.00 2 517 DAS 1938 7033 07/29/2024 07/28/2024 C - 1 Books

JCC Library | Contacts | JCC Home

Last Update on 23 September 2017
Copyright @ 2017-2020 JCC Rouf Library
Rouf Library, Jhenidah Cadet College (JCC), Bangladesh